| 000 | 00749nam a22002297a 4500 | ||
|---|---|---|---|
| 003 | PE SENCICO BE | ||
| 005 | 20251020182708.0 | ||
| 008 | 240708b |||||||| |||| 00| 0 eng d | ||
| 040 |
_aPE SENCICO BE _cPE SENCICO BE |
||
| 041 | _aspa | ||
| 110 | 1 |
_92386 _aCámara de Comercio de Lima |
|
| 245 | 1 |
_aLa cámara : _bla revista de la CCL / _cCámara de Comercio de Lima |
|
| 260 |
_aLima : _bCámara de Comercio de Lima ; _c2016 - |
||
| 300 |
_av. _bil. col. ; _c29 cm. |
||
| 500 | _aDescripción basada en: N° 711, del 01 al 07 de febrero de 2016 | ||
| 650 | 1 | 0 |
_91490 _aComercio |
| 650 | 2 | 0 |
_92387 _aComercio internacional |
| 650 | 2 | 0 |
_92388 _aPerú |
| 650 | 2 | 0 |
_9419 _aPlanificación empresarial |
| 910 |
_ahfp _bhfp _chfp |
||
| 942 | _cREV | ||
| 999 |
_c5001 _d5001 |
||